000 00888nam a2200241 i 4500
001 184816
003 ES-MaACL
005 20251002203852.0
008 160201s1962 sp a |||| | spa d
080 _a504.055
100 1 _aPalacios Porta, Santiago.
_988441
245 1 0 _aFeria de ruidos
_b: (instancia sin polizas) /
_cSantiago Palacios Porta ; [ilustraciones de Datile].
260 _aMadrid :
_bCampaña contra el Ruido,
_c[1962] (
_fCopigraf)
300 _a23 p. :
_bil. ;
_c17 cm.
505 8 _aContiene: ;
_tEl ruido del piropo,(
_gde Arriba, 21-9-62)
594 _aEn port.: Lucha al ruido. Acción Cultural y Cívica.
596 _aEn port.: Hogar del Pensamiento.
650 0 4 _aRuido urbano.
_916953
700 1 _aDáneo Palacios, Emilio,
_d1921-
_9158625
710 2 _aCampaña contra el Ruido.
_9158624
852 _aES-MaACL
_j1502-F-12
999 _c184816
_d184816